000 00602nam a2200193Ia 4500
005 20260601193221.0
008 260601s9999||||xx |||||||||||||| ||und||
020 _a978-981-99-7743-7
_qebk
100 _aZhiping Cai
245 0 _aTheoretical Computer Science
250 _a1st ed. 2024
260 _aHeidelberg, Germany
_bSpringer Nature
_c2024
440 _aCommunications in Computer and Information Science
650 _aComputer Science
700 _aJialin Zhang
700 _aMingyu Xiao
856 _uhttps://link.springer.com/openurl?genre=book&isbn=978-981-99-7743-7
942 _cEB
_2ddc
999 _c55818
_d55818